[Event "Gujarat op 2nd"]
[Site "Ahmedabad"]
[Date "2019.09.23"]
[Round "3"]
[White "Rahul, Bharadwaj B"]
[Black "Srija, Seshadri"]
[Result "1/2-1/2"]
[WhiteElo "1843"]
[BlackElo "2270"]
[PlyCount "50"]
[EventDate "2019.09.22"]
[EventType "swiss"]
[EventRounds "10"]
[EventCountry "IND"]
[SourceTitle "EXT 2020"]
[Source "ChessBase"]
[SourceDate "2019.10.17"]
[SourceVersion "1"]
[SourceVersionDate "2019.10.17"]
[SourceQuality "1"]

1. Nf3 d5 2. g3 Bg4 3. Bg2 Nd7 4. h3 Bh5 5. 0-0 c6 6. d3 e5 7. e4 Ngf6 8. Qe1 dxe4 9. dxe4 Bd6 10. Nbd2 0-0 11. Nc4 Bc7 12. Bg5 h6 13. Bxf6 Qxf6 14. Nh4 Nc5 15. Nf5 Ne6 16. Qb4 g6 17. Nxh6+ Kg7 18. g4 Kxh6 19. gxh5 gxh5 20. Kh1 Nf4 21. Rg1 Rg8 22. Ne3 Bb6 23. Nf5+ Kh7 24. Qe1 Rg6 25. Rd1 Rag8 1/2-1/2

[Event "Udaipur Lakecity rapid op 1st"]
[Site "Udaipur"]
[Date "2019.09.14"]
[Round "1"]
[White "Rahul, Bharadwaj B"]
[Black "Neelotpal, Das"]
[Result "1/2-1/2"]
[WhiteElo "1843"]
[BlackElo "2433"]
[PlyCount "101"]
[EventDate "2019.09.14"]
[EventType "swiss (rapid)"]
[EventRounds "9"]
[EventCountry "IND"]
[SourceTitle "EXT 2020"]
[Source "ChessBase"]
[SourceDate "2019.10.17"]
[SourceVersion "1"]
[SourceVersionDate "2019.10.17"]
[SourceQuality "1"]

1. Nf3 Nf6 2. g3 g6 3. Bg2 Bg7 4. 0-0 0-0 5. c4 c6 6. Nc3 d5 7. cxd5 cxd5 8. d3 Nc6 9. Bd2 Bg4 10. h3 Bxf3 11. Bxf3 Qd7 12. Bg2 e6 13. a3 Rac8 14. Rc1 Qe7 15. b4 Nd7 16. e4 dxe4 17. dxe4 Nde5 18. Be3 Rfd8 19. Qb3 Nd3 20. Rcd1 Ncxb4 21. Ne2 Rc2 22. axb4 Rb2 23. Qa3 Nxb4 24. Bc5 Qe8 25. Nd4 b6 26. Bxb4 Rxd4 27. Rxd4 Bxd4 28. Bc3 Bxc3 29. Qxc3 Qb5 30. Rd1 Rb1 31. Rxb1 Qxb1+ 32. Kh2 a5 33. Qc4 Qb2 34. Kg1 b5 35. Qc8+ Kg7 36. Bf1 a4 37. e5 a3 38. Qd8 Qxe5 39. Qd2 Qc5 40. Qa2 h5 41. h4 e5 42. Bd3 b4 43. Bc4 f6 44. Kf1 Qd4 45. Bg8 Qd1+ 46. Kg2 Qd7 47. Kf1 Qd1+ 48. Kg2 Qd7 49. Kf1 Qd1+ 50. Kg2 Qd7 51. Kf1 1/2-1/2

[Event "Udaipur Lakecity op 1st"]
[Site "Udaipur"]
[Date "2019.09.13"]
[Round "2"]
[White "Rahul, Bharadwaj B"]
[Black "Himanshu, Sharma"]
[Result "0-1"]
[WhiteElo "1843"]
[BlackElo "2408"]
[PlyCount "112"]
[EventDate "2019.09.13"]
[EventType "swiss"]
[EventRounds "10"]
[EventCountry "IND"]
[SourceTitle "EXT 2020"]
[Source "ChessBase"]
[SourceDate "2019.10.17"]
[SourceVersion "1"]
[SourceVersionDate "2019.10.17"]
[SourceQuality "1"]

1. Nf3 d5 2. g3 Nf6 3. Bg2 b5 4. 0-0 e6 5. d4 Be7 6. Nbd2 Bb7 7. b3 b4 8. a3 a5 9. axb4 axb4 10. Rxa8 Bxa8 11. Bb2 0-0 12. Ne5 Nbd7 13. Nd3 Qb8 14. Qa1 Rc8 15. c4 bxc3 16. Bxc3 c5 17. dxc5 Nxc5 18. Nxc5 Rxc5 19. b4 Rb5 20. Rb1 Bc6 21. Qa3 Rb7 22. Nf3 Ne4 23. Be5 Rb6 24. b5 Rxb5 25. Rb3 Rb4 26. Rxb4 Qxb4 27. Qxb4 Bxb4 28. Nd4 Bd7 29. Bxe4 dxe4 30. e3 f6 31. Bc7 e5 32. Nc2 Bc5 33. Ba5 Bh3 34. Na1 Kf7 35. Nb3 Bd6 36. Nd2 f5 37. Bc3 Ke6 38. Nc4 Bc7 39. Nd2 Kd5 40. Bb4 Bd8 41. Bc3 Be7 42. f3 exf3 43. Nxf3 Bf6 44. Nd2 g6 45. Kf2 Be7 46. Nf3 Bf6 47. Nd2 Bg4 48. Kg2 Be7 49. Nf3 Bd6 50. h3 Bh5 51. Kf2 h6 52. Bb2 Ke4 53. Nd2+ Kd3 54. Nf3 Bxf3 55. Kxf3 e4+ 56. Kf2 Bc5 0-1